| 000 | 00435nam a2200169Ia 4500 | ||
|---|---|---|---|
| 005 | 20250423094451.0 | ||
| 008 | 250422s9999 xx 000 0 und d | ||
| 020 | _a9783502565 | ||
| 050 | _aPN 1991.8 .O53/ | ||
| 100 | _aOnabajo, Olufemi | ||
| 245 | 0 | _aAnnouncing & performance | |
| 260 | _aLagos, Nigeria | ||
| 260 | _bGabi concept limited | ||
| 300 | _a125 p | ||
| 650 | _aRadio announcing--Vocational guidance. | ||
| 942 | _cBK | ||
| 999 |
_c27325 _d27325 |
||